Online katalóg knižníc regiónu Turca

Zo zlatého krčiažteka (Record no. 21739)

MARC details
000 -LEADER
fixed length control field 02301nam a2200589 4500
001 - CONTROL NUMBER
control field 21739
003 - CONTROL NUMBER IDENTIFIER
control field VRT
005 - DATE AND TIME OF LATEST TRANSACTION
control field 20260309111913.0
008 - FIXED-LENGTH DATA ELEMENTS--GENERAL INFORMATION
fixed length control field 200104s2018 xo a b 000 p slo
015 ## - NATIONAL BIBLIOGRAPHY NUMBER
National bibliography number SNBA2018/07
020 ## - INTERNATIONAL STANDARD BOOK NUMBER
International Standard Book Number 9788089429660
Qualifying information (viazané)
035 ## - SYSTEM CONTROL NUMBER
System control number urn:nbn:sk:snk-am00d45a
035 ## - SYSTEM CONTROL NUMBER
System control number urn:nbn:sk:snk-am3hl2f
035 ## - SYSTEM CONTROL NUMBER
System control number 42DAA933-62C6-4D48-A2F8-F3A9EC91C3EA
039 #9 - LEVEL OF BIBLIOGRAPHIC CONTROL AND CODING DETAIL [OBSOLETE]
Level of rules in bibliographic description 202108162358
Level of effort used to assign nonsubject heading access points AUTHORITY
Level of effort used to assign subject headings 202001041307
Level of effort used to assign classification VLOAD
Level of effort used to assign subject headings 201904150840
Level of effort used to assign classification AUTHORITY
Level of effort used to assign subject headings 201808081122
Level of effort used to assign classification mbin01
040 ## - CATALOGING SOURCE
Original cataloging agency POKPOH
Language of cataloging slo
Modifying agency SNK
Description conventions rda
041 0# - LANGUAGE CODE
Language code of text/sound track or separate title slo
044 ## - COUNTRY OF PUBLISHING/PRODUCING ENTITY CODE
MARC country code xo
ISO country code SK
072 #7 - SUBJECT CATEGORY CODE
Subject category code 821.162.4-1
Subject category code subdivision Slovenská poézia
Source konspekt
072 #7 - SUBJECT CATEGORY CODE
Subject category code 821-93
Subject category code subdivision Literatúra pre deti a mládež (beletria)
Source konspekt
080 ## - UNIVERSAL DECIMAL CLASSIFICATION NUMBER
Universal Decimal Classification number 82-94
Edition identifier 2011
080 ## - UNIVERSAL DECIMAL CLASSIFICATION NUMBER
Universal Decimal Classification number 82-1-053.2
Edition identifier 2011
080 ## - UNIVERSAL DECIMAL CLASSIFICATION NUMBER
Universal Decimal Classification number 82-93-053.2
Edition identifier 2011
100 1# - MAIN ENTRY--PERSONAL NAME
Personal name Turan, Ján,
Dates associated with a name 1932-2021
Relationship aut
245 10 - TITLE STATEMENT
Title Zo zlatého krčiažteka
Statement of responsibility, etc. Ján Turan ; ilustroval Martin Kellenberger
250 ## - EDITION STATEMENT
Edition statement Prvé vydanie
264 #1 - PRODUCTION, PUBLICATION, DISTRIBUTION, MANUFACTURE, AND COPYRIGHT NOTICE
Place of production, publication, distribution, manufacture Bratislava
Name of producer, publisher, distributor, manufacturer DAXE
Date of production, publication, distribution, manufacture, or copyright notice 2018
300 ## - PHYSICAL DESCRIPTION
Extent 61 strán
Other physical details farebné ilustrácie
Dimensions 24 cm
336 ## - CONTENT TYPE
Content type term text
Content type code txt
Source rdacontent
337 ## - MEDIA TYPE
Media type term bez média
Media type code n
Source rdamedia
338 ## - CARRIER TYPE
Carrier type term zväzok
Carrier type code nc
Source rdacarrier
500 ## - GENERAL NOTE
General note Obsahuje biografické údaje o autoroch
655 #7 - INDEX TERM--GENRE/FORM
Genre/form data or focus term rečňovanky
Source of term SNKPH
655 #7 - INDEX TERM--GENRE/FORM
Genre/form data or focus term riekanky
Source of term SNKPH
655 #7 - INDEX TERM--GENRE/FORM
Genre/form data or focus term Nursery rhymes
Source of term SNKPHeng
655 #7 - INDEX TERM--GENRE/FORM
Genre/form data or focus term Children's poetry
Source of term SNKPHeng
655 #7 - INDEX TERM--GENRE/FORM
Genre/form data or focus term poézia pre deti
Source of term SNKPH
655 #7 - INDEX TERM--GENRE/FORM
Genre/form data or focus term Children's literature
Source of term SNKPHeng
655 #7 - INDEX TERM--GENRE/FORM
Genre/form data or focus term publikácie pre deti
Source of term SNKPH
700 1# - ADDED ENTRY--PERSONAL NAME
Personal name Kellenberger, Martin,
Dates associated with a name 1957-
Relationship ill
711 2# - ADDED ENTRY--MEETING NAME
Meeting name or jurisdiction name as entry element Najkrajšie a najlepšie detské knihy jari, leta, jesene a zimy na Slovensku
Number of part/section/meeting (28 :
Date of meeting or treaty signing 2017 :
Location of meeting Bratislava, Slovensko).
Subordinate unit Najkrajšia detská kniha zimy 2017
942 ## - ADDED ENTRY ELEMENTS (KOHA)
Source of classification or shelving scheme Dewey Decimal Classification
Koha item type Krásna literatúra pre deti
Suppress in OPAC No
949 ## - LOCAL PROCESSING INFORMATION (OCLC)
6 273K0632709
a svkpoB 104541
b svkpo625746
949 ## - LOCAL PROCESSING INFORMATION (OCLC)
6 270001000587800
a svkbbB 58021
b svkbbm 775230
949 ## - LOCAL PROCESSING INFORMATION (OCLC)
6 2889336617
a savukPV 25868
b savuk2018/1164
949 ## - LOCAL PROCESSING INFORMATION (OCLC)
6 17A1332830
a snkSC 179992
b snk2018/13507
o 826/18
s 6100:20180731
949 ## - LOCAL PROCESSING INFORMATION (OCLC)
6 0174031763
a lesknPRINT
b lesknBD2018/24951
949 ## - LOCAL PROCESSING INFORMATION (OCLC)
6 3870A25413
a binNDK 2017/20
b bin25413
949 ## - LOCAL PROCESSING INFORMATION (OCLC)
6 3870A25419
a binIL 1411
b bin25419
949 ## - LOCAL PROCESSING INFORMATION (OCLC)
6 17A1335599
a snkSC 179992 D1
b snk2018/17751
o 826/18
Holdings
Stav vyradenia Strata Poškodenie Spôsob nadobudnutia Domovská knižnica Aktuálna knižnica Dátum nadobudnutia Total checkouts Čiarový kód exemplára Date last seen Typ exemplára
      Dar Obecná knižnica Turčianska Štiavnička Obecná knižnica Turčianska Štiavnička 09.03.2026   4738000344 09.03.2026 Krásna literatúra pre deti
Projekt je podporený Slovenskou asociáciou knižníc
Prevádzkuje Turčianska knižnica Martin 2026